Viu el Parc! : juny-octubre / juny-octubre /
Publicado:
[Barcelona] :
Diputació Barcelona , Xarxa de Municipis, Àrea d'Espais Naturals [i] Àrea de Cultura ,
2002
Descripción Física:
Fulletons : il·lustracions ; 30 cm
Colección:
Viu el Parc!
MARC
| LEADER | 00000nam a2200000Ia 4500 | ||
|---|---|---|---|
| 001 | 15115, 15355, 16719, 20775, 21873, 23180, 23463, 23980, 24986, 25494, 26015, 26123 | ||
| 003 | Arxiu | ||
| 005 | 20260324181511.0 | ||
| 008 | 160829s2002 xx 000 0 cat d | ||
| 017 | |a DL B 14283-2017 | ||
| 017 | |a DL B 13614-2015 | ||
| 017 | |a DL B 14998-2019 | ||
| 080 | |a FU-34-8, FU-36-17, FU-45-39, FU-14-38, FU-45-43, FU-59-37, FU-61-45, FU-62-119, FU-67-84 | ||
| 080 | |a FU-69-7 | ||
| 080 | |a FU-71-29 | ||
| 080 | |a FU-62-119 | ||
| 080 | |a FU-71-48 | ||
| 110 | 1 | |9 52663 |a Parc del Castell de Montesquiu (Catalunya) | |
| 245 | |a Viu el Parc! : |b juny-octubre / |c Castell de Montesquiu | ||
| 260 | |a [Barcelona] : |b Diputació Barcelona , Xarxa de Municipis, Àrea d'Espais Naturals [i] Àrea de Cultura, |c 2002- | ||
| 300 | |a Fulletons : |b il·lustracions ; |c 30 cm | ||
| 310 | |a Anual | ||
| 362 | |a 2004 (9a ed.)- | ||
| 490 | 1 | |a Viu el Parc! | |
| 590 | |a A partir de 2003 el títol és: Viu el parc / Parc del Castell de Montesquiu. | ||
| 590 | |a A partir de 2011 canvia l'edició: Àrea de Territori i Sostenibilitat, Gerència de Serveis d'Espais Naturals, Espais Naturals i Medi Ambient | ||
| 610 | 1 | 0 | |9 52663 |a Parc del Castell de Montesquiu (Catalunya) |
| 610 | 1 | 0 | |9 52722 |a Parc del Castell de Montesquiu (Catalunya) |x Activitats culturals |
| 710 | 1 | |9 52730 |a Barcelona (Catalunya : Província). |b Gerència de Serveis d’Espais Naturals | |
| 710 | 1 | |9 7250 |a Barcelona (Catalunya : Província). |b Xarxa de Parcs Naturals | |
| 830 | 0 | |9 55831 |a Viu el Parc! | |
| 866 | |a 2002-2004 | ||
| 866 | |a 2008-2009 | ||
| 866 | |a 2011-2017 | ||
| 866 | |a 2019 | ||
| 901 | |a Arxiu | ||
| 942 | |n 1 |2 udc |c ARXIU | ||
| 952 | |0 0 |1 0 |4 0 |7 1 |9 55100 |a Arxiu |b Arxiu |d 2016-12-01 |h 9a edició (2004) |o FU-45-39 |p 16719 |r 2016-12-01 00:00:00 |w 2016-12-01 |y ARXIU | ||
| 952 | |0 0 |1 0 |4 0 |7 1 |9 56086 |a Arxiu |b Arxiu |d 2023-03-30 |h 18a edició (2013) |o FU-62-119 |p 23980 |r 2016-12-01 00:00:00 |w 2016-12-01 |y ARXIU | ||
| 952 | |0 0 |1 0 |4 0 |7 1 |9 61705 |a Arxiu |b Arxiu |d 2022-05-17 |h 22a edició (2017) |o FU-69-7 |p 25494 |r 2022-05-17 00:00:00 |w 2022-05-17 |y ARXIU | ||
| 952 | |0 0 |1 0 |4 0 |7 1 |9 62389 |a Arxiu |b Arxiu |d 2022-06-14 |h 21a edició (2016) |o FU-70-56 |p 25927 |r 2022-06-14 00:00:00 |w 2022-06-14 |y ARXIU | ||
| 952 | |0 0 |1 0 |4 0 |7 1 |9 62485 |a Arxiu |b Arxiu |d 2022-06-21 |h 20a edició (2015) |o FU-71-29 |p 26015 |r 2022-06-21 00:00:00 |w 2022-06-21 |y ARXIU | ||
| 952 | |0 0 |1 0 |4 0 |7 1 |9 62611 |a Arxiu |b Arxiu |d 2022-07-01 |h 23a edició (2019) |o FU-71-48 |p 26123 |r 2022-07-01 00:00:00 |w 2022-07-01 |y ARXIU | ||
| 952 | |0 0 |1 0 |4 0 |6 FU6145 |7 1 |9 65372 |a Arxiu |b Arxiu |d 2023-02-28 |h 17a edició (2012) |l 0 |o FU-61-45 |p 23463 |r 2023-02-28 00:00:00 |w 2023-02-28 |y ARXIU | ||
| 952 | |0 0 |1 0 |4 0 |6 FU62130 |7 1 |9 65414 |a Arxiu |b Arxiu |d 2023-03-01 |h 19a edició (2014) |l 0 |o FU-62-130 |p 27448 |r 2023-03-01 00:00:00 |w 2023-03-01 |y ARXIU | ||
| 952 | |0 0 |1 0 |4 0 |6 FU6785 |7 1 |9 65418 |a Arxiu |b Arxiu |d 2023-03-01 |h 22a edició (2018) |l 0 |o FU-67-85 |p 24986 |r 2023-03-01 00:00:00 |w 2023-03-01 |y ARXIU | ||
| 952 | |0 0 |1 0 |4 0 |6 FU5937 |7 1 |9 65427 |a Arxiu |b Arxiu |d 2023-03-01 |h 16a edició (2011) |l 0 |o FU-59-37 |p 23180 |r 2023-03-01 00:00:00 |w 2023-03-01 |y ARXIU | ||
| 952 | |0 0 |1 0 |4 0 |6 FU348 |7 1 |9 65498 |a Arxiu |b Arxiu |d 2023-03-07 |h 7a edició (2002) |l 0 |o FU-34-8 |p 15115 |r 2023-03-07 00:00:00 |w 2023-03-07 |y ARXIU | ||
| 952 | |0 0 |1 0 |4 0 |7 1 |9 65700 |a Arxiu |b Arxiu |d 2023-03-21 |h 13a edició (2008) |o FU-14-38 |p 20775 |r 2023-03-21 00:00:00 |w 2023-03-21 |y ARXIU | ||
| 952 | |0 0 |1 0 |4 0 |6 FU3617 |7 1 |9 65911 |a Arxiu |b Arxiu |d 2023-03-30 |h 8a edició (2003) |l 0 |o FU-36-17 |p 15355 |r 2023-03-30 00:00:00 |w 2023-03-30 |y ARXIU | ||
| 952 | |0 0 |1 0 |4 0 |6 FU4543 |7 1 |9 66007 |a Arxiu |b Arxiu |d 2023-04-05 |h 14a edició (2009) |l 0 |o FU-45-43 |p 21873 |r 2023-04-05 00:00:00 |w 2023-04-05 |y ARXIU | ||
| 999 | |c 58972 |d 58972 | ||